000
00439cam a2200193ua 4500
020
_c
7.50
041
_a
eng
_h
082
_a
512.14
_b
NAT/AN
100
_a
Natarajan, T .
245
_a
Ancillary mathematics Book-2 /
_c
T natarajan.
_h
Textual Documents
300
_a
608 ; .
365
_a
7.50
504
_a
942
_c
BK
999
_c
5373
_d
5373